000 00550nam a2200193Ia 4500
005 20250508151030.0
008 008 250505s9999 xx 000 0 eng d
037 _aTextual
040 _aFEDL
_beng
_cFEDL
041 _aeng
_2eng
084 _a370.15, JOU
_qFEDL
100 _aJudd Charles H.
_990987
245 0 _aEducational psychology
260 _aBoston, USA
_bHoughton Mifflin Company
_c1939
300 _axx,566p.
650 _aEducation - Psychology
_9755527
942 _cTEXL
_h370.15, JOU
999 _c1327172
_d1327172